000 00637nam a22002297a 4500
003 URS
005 20250828100500.0
008 250317b ||||| |||| 00| 0 eng d
020 _a0071414061
040 _cURS
050 _aHD57.7
_b.C839 2007
100 _911251
_aCox, Danny
245 _aLeadership when the Heat's on
_b24 Lesson in High Performance Management
264 _aNew York
_bMcGraw-Hill
_c©2007
300 _a109 pages.,:
_c23 cm.
336 _2rdacontent
_atext
337 _2rdamedia
_aunmediated
338 _2rdacarrier
_avolume
650 0 _92564
_aLeadership
700 _911252
_aHoover, John
942 _2lcc
_cR
999 _c84826
_d84824